Detalles MARC
| 000 -LIDER |
| fixed length control field |
02045nam a22002897a 4500 |
| 003 - IDENTIFICACDOR DE NÚMERO DE CONTROL |
| control field |
DO-SdBNP |
| 005 - DATE AND TIME OF LATEST TRANSACTION |
| control field |
20220906084446.0 |
| 008 - ELEMENTOS DE LONGITUD FIJA |
| fixed length control field |
171115b 2000|| |||| 00| 0 spa d |
| 020 ## - ISBN |
| International Standard Book Number |
9789701030844 |
| 040 ## - FUENTE DE CATALOGACIÓN |
| Agencia que crea de manera original el registro |
BPMSU |
| Idioma de catalogación |
spa |
| Agencia que realiza la transcripción |
BPMSU |
| 082 ## - NÚMERO DE CLASIFICACIÓN DECIMAL DE DEWEY |
| Classification number |
658.1145 |
| Item number |
B555f |
| Edition number |
22 |
| 100 1# - ASIENTO PRINCIPAL -- NOMBRE PERSONAL |
| Nombre personal |
Besley, Scott |
| 245 10 - MENCIÓN DE TITULO |
| Título |
Fundamentos de administración financiera / |
| Mención de responsabilidad |
Scott Besley, Eugene F. Brigham ; traducción Jaime Gómez Mont. |
| 250 ## - MENCIÓN DE EDICION |
| Mención de edición |
12a ed. |
| 260 ## - PUBLICACIÓN, DISTRIBUCIÓN, ETC. (PIE DE IMPRENTA) |
| Lugar de publicación, distribución, etc |
México : |
| Nombre del editor, distribuidor, etc. |
McGraw-Hill, |
| Fecha de publicación, distribución, etc |
2000 |
| 300 ## - DESCRIPCIÓN FÍSICA |
| Extensión |
xxvi, 919 p. : |
| Otros detalles físicos |
diagr. ; |
| Dimensiones |
26 cm. |
| 500 ## - NOTA GENERAL |
| Materiales especificados |
Incluye índice. |
| 505 0# - NOTA DE CONTENIDO |
| Texto normalizado de contenido |
INTRODUCCIÓN A LA ADMINISTRACIÓN FINANCIERA -Introducción a la administración financiera CONCEPTOS BÁSICOS DE ADMINISTRACIÓN FINANCIERA -Análisis de estados financieros -Los mercados financieros y la banca de inversión -Valor del dinero en el tiempo VALUACIÓN DE ACTIVOS FINANCIEROS -El costo del dinero (tasas de interés) -Bonos (deuda) : características y valuación -Acciones (capital) : características y valuación -Riesgo y tasas de rendimiento VALUACIÓN DE ACTIVOS REALES (ELABORACIÓN DEL PRESUPUESTO DE CAPITAL) -Técnicas de elaboración del presupuesto de capital -Fijos de efectivo y riesgo de los proyectos COSTO DE CAPITAL, APALANCAMIENTO Y POLÍTICA DE DIVIDENDOS -El costo de capital -Estructura de capital -Política de dividendos ADMINISTRACIÓN DEL CAPITAL DE TRABAJO -Política del capital de trabajo -Administración de los activos a corto plazo -Administración de los pasivos (financiamiento) a corto plazo PLANEACIÓN ESTRATÉGICA Y DECISIONES DE FINANCIAMIENTO -Planeación y control financieros -Acuerdos de financiamiento alternativos y re-estructuración corporativa |
| 534 ## - NOTA SOBRE LA VERSIÓN ORIGINAL |
| Asiento principal del original |
Título original. |
| Mención del título original |
Essentials of managerial finance. |
| 590 ## - NOTA LOCAL |
| Enlace |
intenvatariado, 2022/VM |
| 650 #4 - ENCABEZAMIENTO DE MATERIA--TEMÁTICO |
| Término temático o nombre geográfico como elemento de entrada |
Administración financiera. |
| 700 1# - ASIENTO SECUNDARIO -- NOMBRE PERSONAL |
| Nombre personal |
Brigham, Eugene F. |
| Fechas asociadas con el nombre |
1930- |
| 700 1# - ASIENTO SECUNDARIO -- NOMBRE PERSONAL |
| Nombre personal |
Gómez Mont Araiza, Jaime, |
| Mención de responsabilidad |
tr. |
| 942 ## - ADDED ENTRY ELEMENTS (KOHA) |
| Source of classification or shelving scheme |
Dewey Decimal Classification |
| Koha item type |
Libros |
| 945 ## - INFORMACIÓN DE PROCESAMIENTO LOCAL |
| Información de procesamiento local |
inventariado extranjero / DG |
| 956 ## - LOCAL ELECTRONIC LOCATION AND ACCESS (OCLC) |
| Nombre de host |
BTAVAREZ |
| Número de acceso |
10 |
| Información de compresión |
20171115 |
| Trayectoria |
0038 |